000 00541nam a2200169 4500
001 5782
005 20181127180236.0
090 0 0 _a658 F49f 2016
245 0 0 _aFIN 203 :
_bcoursepack /
_cRoyal Thimphu College.
_h
260 0 0 _aThimphu :
_bRoyal Thimphu College,
_c2016.
300 0 0 _a690 p.
500 _a""""""""For FIN 203 program use only""""""""
500 _a""""""""Royal Thimphu College, Thimphu""""""""
500 _aFIN 203 Course Pack for Fall 2016.
500 _aXerographic copy in a binder.
650 0 0 _aWorking capital
_xManagement.
999 _c4878
_d4878